00411nam a2200181Ia 4500008004100000020001800041050001400059100001500073245002500088245001800113260001500131260001600146260000900162300001400171300002700185300001000212500000700222170918s9999 xx 000 0 und d a9780439314534 bW261 2001 aWard, Nick 2aA wolf at the door / cby Nick Ward. aNew York : bScholastic, c2001 aunpaged : bcolored illustration ; c27cm. aBR